[Event "Championnat de France - Open C"]
[Site "PAU"]
[Date "2012.08.14"]
[Round "1.1"]
[White "Baches, Frederic"]
[Black "Au Quang, Tien"]
[Result "1/2-1/2"]
[WhiteElo "1798"]
[BlackElo "1637"]
[PlyCount "85"]

1. e4 c5 2. Nc3 Nc6 3. g3 g6 4. Bg2 Bg7 5. d3 d6 6. Be3 Nf6 7. h3 Bd7 8. Qd2
O-O 9. Bh6 a6 10. Nge2 Rb8 11. h4 b5 12. Bxg7 Kxg7 13. O-O h5 14. f4 e6 15. f5
Nd4 16. fxg6 Nxe2+ 17. Nxe2 fxg6 18. Rad1 e5 19. c3 Bg4 20. Rf2 Qe7 21. Rdf1
Bxe2 22. Qxe2 Ng4 23. Rxf8 Rxf8 24. Rxf8 Qxf8 25. Bh3 Nf6 26. Kg2 Qf7 27. b3 d5
28. exd5 Qxd5+ 29. Kg1 Qd6 30. Kf2 Nd5 31. c4 Nc3 32. Qc2 Qd4+ 33. Kg2 b4 34.
Qd2 e4 35. Qg5 exd3 36. Qe7+ Kh8 37. Be6 Qe4+ 38. Kh2 Qe2+ 39. Kh3 Qf1+ 40. Kh2
Qf2+ 41. Kh3 Qf1+ 42. Kh2 Qf2+ 43. Kh3 1/2-1/2

[Event "Championnat de France - Open C"]
[Site "PAU"]
[Date "2012.08.14"]
[Round "1.2"]
[White "Antoine, Jean-Luc"]
[Black "Banana, Adnane"]
[Result "0-1"]
[WhiteElo "1636"]
[BlackElo "1798"]
[PlyCount "118"]

1. d4 Nf6 2. c4 e6 3. Nf3 c5 4. g3 cxd4 5. Nxd4 d5 6. cxd5 Qxd5 7. Nf3 Qxd1+ 8.
Kxd1 Bc5 9. Ke1 O-O 10. Nc3 Nc6 11. Bg5 Ng4 12. Ne4 Bb4+ 13. Nfd2 f6 14. Bh3
Nge5 15. Bf4 Nc4 16. a3 Bxd2+ 17. Bxd2 Nd4 18. Rc1 e5 19. Bb4 Bxh3 20. Bxf8
Rxf8 21. Rxc4 Bg2 22. f3 Bxh1 23. Kf2 Rd8 24. Rc1 Bxf3 25. exf3 f5 26. Nc3 Nc6
27. Ke2 Kf7 28. Ke3 Rd7 29. Rc2 Ke6 30. Na4 Kf6 31. Nc5 Re7 32. Rd2 Nd4 33. f4
Nb5 34. Nd7+ Ke6 35. Nxe5 Nd6 36. b3 Nf7 37. Nc4 Kf6+ 38. Kf2 h6 39. Nd6 Nxd6
40. Rxd6+ Re6 41. Rd7 Re7 42. Rd6+ Kf7 43. Rd5 g6 44. Ra5 b6 45. Rd5 Kf6 46.
Rd6+ Re6 47. Rd7 a6 48. Ra7 a5 49. Rh7 Rc6 50. Rb7 Rc2+ 51. Kg1 Rc6 52. Kf2 Ke6
53. Ra7 Kd5 54. Rd7+ Ke4 55. Re7+ Kd3 56. Re3+ Kc2 57. Re2+ Kxb3 58. Re3+ Ka4
59. h3 b5 0-1

[Event "Championnat de France - Open C"]
[Site "PAU"]
[Date "2012.08.14"]
[Round "1.3"]
[White "Le Bail, Stephane"]
[Black "Fauchart, Francois"]
[Result "1-0"]
[WhiteElo "1785"]
[BlackElo "1636"]
[PlyCount "55"]

1. d4 d5 2. Bf4 Bf5 3. e3 e6 4. Bd3 Bg6 5. Nf3 Bd6 6. Ne5 Ne7 7. Nd2 f6 8. Nxg6
hxg6 9. Bxd6 Qxd6 10. h3 c6 11. a3 Nd7 12. c4 Kf7 13. c5 Qc7 14. b4 b5 15. a4
a6 16. e4 e5 17. exd5 Nxd5 18. Ne4 f5 19. Nd6+ Ke6 20. dxe5 Rh4 21. axb5 cxb5
22. O-O Rxb4 23. Rc1 Nxe5 24. Re1 Kf6 25. Bxf5 gxf5 26. Qxd5 Nc6 27. Qe6+ Kg5
28. Qxf5+ 1-0

[Event "Championnat de France - Open C"]
[Site "PAU"]
[Date "2012.08.14"]
[Round "1.4"]
[White "Roch, Florian"]
[Black "Dautheville, Simon"]
[Result "0-1"]
[WhiteElo "1635"]
[BlackElo "1782"]
[PlyCount "78"]

1. e4 c5 2. Nf3 d6 3. d4 cxd4 4. Nxd4 Nf6 5. Nc3 a6 6. Bg5 e6 7. Qd2 Be7 8. f4
Qc7 9. O-O-O Nbd7 10. Kb1 b5 11. Bxf6 Nxf6 12. Bd3 Bb7 13. Qe3 O-O 14. Rhg1
Rac8 15. g4 b4 16. Nce2 d5 17. e5 Ne4 18. Qh3 g6 19. Bxe4 dxe4 20. Qh6 Bd5 21.
Rg3 f5 22. gxf5 Rxf5 23. Rdg1 Bf8 24. Qh3 Rf7 25. Qf1 Kh8 26. h4 Rg7 27. Qh3
Qf7 28. c3 a5 29. Nb5 Bc4 30. Nbd4 Bc5 31. R1g2 bxc3 32. Rxc3 Bxd4 33. Nxd4
Qxf4 34. Rgc2 Rgc7 35. Nxe6 Bxe6 36. Qxe6 Rxc3 37. Rxc3 Qf1+ 38. Kc2 Qe2+ 39.
Kb3 Rb8+ 0-1

[Event "Championnat de France - Open C"]
[Site "PAU"]
[Date "2012.08.14"]
[Round "1.5"]
[White "Casier, Fabrice"]
[Black "Lafortune, Emerick"]
[Result "1-0"]
[WhiteElo "1780"]
[BlackElo "1632"]
[PlyCount "41"]

1. c4 Nf6 2. Nc3 c5 3. g3 g6 4. Bg2 Bg7 5. Nf3 Nc6 6. O-O d6 7. Rb1 e5 8. d3
O-O 9. a3 Rb8 10. b4 h6 11. Nd2 Be6 12. bxc5 dxc5 13. Nde4 Qe7 14. Nxf6+ Bxf6
15. Bxh6 Rfd8 16. Be3 Bxc4 17. Bxc6 e4 18. Nxe4 Ba2 19. Rxb7 Rxb7 20. Nxf6+
Qxf6 21. Bxb7 1-0

[Event "Championnat de France - Open C"]
[Site "PAU"]
[Date "2012.08.14"]
[Round "1.6"]
[White "Strub, Bruno"]
[Black "Tardi, Oscar"]
[Result "0-1"]
[WhiteElo "1632"]
[BlackElo "1780"]
[PlyCount "110"]

1. e4 d6 2. d4 Nf6 3. Nc3 Nbd7 4. Nf3 e5 5. dxe5 dxe5 6. Bb5 c6 7. Ba4 Be7 8.
O-O O-O 9. Qe2 Qc7 10. Bg5 Re8 11. Rad1 a5 12. Bb3 Nc5 13. Bc4 b5 14. Bd3 Ba6
15. Bxf6 Bxf6 16. Qe3 Nxd3 17. cxd3 b4 18. Na4 Bb5 19. Nb6 Rad8 20. Nc4 Rd7 21.
Rd2 Red8 22. Qc5 Rxd3 23. Rxd3 Rxd3 24. Ncxe5 Rd8 25. Rc1 Be7 26. Qc2 Bf6 27.
Ng4 Be7 28. e5 Qd7 29. h3 c5 30. Ne3 Qe6 31. Nf5 Bf8 32. Nd6 Rxd6 33. exd6 Qxd6
34. Ng5 Bd3 35. Qd2 h6 36. Ne4 Bxe4 37. Qxd6 Bxd6 38. f3 Bf5 39. Kf2 g5 40. Rd1
Be7 41. Ke3 Kf8 42. g4 Be6 43. Ke4 Ke8 44. a3 Bf6 45. axb4 axb4 46. Rc1 Bd4 47.
Rc2 Ke7 48. f4 gxf4 49. Kxf4 Kf6 50. h4 Kg6 51. Rg2 Bd5 52. Re2 Be6 53. Rg2 c4
54. Ke4 Bf6 55. h5+ Kg5 0-1

[Event "Championnat de France - Open C"]
[Site "PAU"]
[Date "2012.08.14"]
[Round "1.7"]
[White "Baroudel, Jacques"]
[Black "Gouait, Raymond"]
[Result "0-1"]
[WhiteElo "1779"]
[BlackElo "1630"]
[PlyCount "62"]

1. e4 c5 2. g3 d6 3. Bg2 Nf6 4. d3 Nc6 5. f4 g6 6. Nf3 Qc7 7. O-O Bg7 8. Nc3 a6
9. h3 O-O 10. g4 b5 11. Ne2 Bb7 12. Ng3 Nd7 13. c3 b4 14. Qe1 e6 15. f5 Nce5
16. fxe6 Nxf3+ 17. Rxf3 fxe6 18. Bd2 a5 19. Qc1 Ne5 20. Rxf8+ Rxf8 21. Qc2 Ba6
22. c4 Nf3+ 23. Kh1 d5 24. Nf1 dxc4 25. dxc4 Qe5 26. Rb1 Bb7 27. Rd1 Bxe4 28.
Qa4 Bd3 29. Qc6 Be4 30. Qa4 Nxd2 31. Rxd2 Rxf1# 0-1

[Event "Championnat de France - Open C"]
[Site "PAU"]
[Date "2012.08.14"]
[Round "1.8"]
[White "Raynaud, Jean-Philippe"]
[Black "Figier, Anthony"]
[Result "0-1"]
[WhiteElo "1630"]
[BlackElo "1779"]
[Annotator "Rivier,Sylvain"]
[PlyCount "51"]

1. e4 Nf6 2. Nc3 d5 3. exd5 Nxd5 4. Nxd5 Qxd5 5. d4 Nc6 6. Be3 e5 7. dxe5 Qxe5
8. c3 Bd6 9. Nf3 Qh5 10. Be2 Bg4 11. h3 O-O 12. Qc2 Bf5 13. Qb3 Bd7 14. O-O-O
a5 15. Qc2 Bf5 16. Qb3 Be6 17. Qc2 Bf5 18. Qb3 a4 19. Qb5 Ra5 20. Qc4 Be6 21.
Qd3 a3 22. b3 Ne5 23. Nxe5 Qxe5 24. Qd2 Qf6 25. h4 Qe7 26. h5 {suite illisible}
0-1

[Event "Championnat de France - Open C"]
[Site "PAU"]
[Date "2012.08.14"]
[Round "1.9"]
[White "Citterio, Jean-Claude"]
[Black "Ragueneau, Yann Klemens"]
[Result "1-0"]
[WhiteElo "1770"]
[BlackElo "1628"]
[PlyCount "99"]

1. e4 d6 2. d4 Nf6 3. Nc3 g6 4. Bd3 Bg7 5. Nge2 Nbd7 6. f3 c5 7. d5 a6 8. a4
O-O 9. Ng3 Ne5 10. Be3 Qc7 11. Be2 Rd8 12. O-O b6 13. Qd2 e6 14. Bg5 Re8 15.
Rfd1 c4 16. Kh1 Ned7 17. dxe6 Rxe6 18. f4 Bf8 19. f5 Re8 20. Qd4 Qd8 21. Nd5
Bg7 22. Nxf6+ Bxf6 23. Bxf6 Nxf6 24. Qxd6 Qxd6 25. Rxd6 Nd7 26. Bxc4 Kg7 27.
Rad1 Ra7 28. h4 Ne5 29. Bd5 Ng4 30. Kg1 Ne3 31. Rd2 gxf5 32. Nxf5+ Bxf5 33.
exf5 Nxf5 34. Rxb6 Rd8 35. c4 Ne3 36. Rd3 Nf5 37. h5 h6 38. Be4 Rxd3 39. Bxd3
Ne3 40. c5 Rc7 41. b4 a5 42. bxa5 Rxc5 43. a6 Ra5 44. Bb5 Nd5 45. Rb7 Nc3 46.
Be8 Nxa4 47. Rxf7+ Kg8 48. a7 Ra6 49. Rc7 Nb2 50. Bc6 1-0

[Event "Championnat de France - Open C"]
[Site "PAU"]
[Date "2012.08.14"]
[Round "1.10"]
[White "Vernay, Gaspard"]
[Black "Apap, Hugo"]
[Result "1-0"]
[WhiteElo "1628"]
[BlackElo "1769"]
[PlyCount "57"]

1. d4 d5 2. c4 c6 3. Nc3 e6 4. Bf4 dxc4 5. e3 b5 6. Nf3 Bb7 7. Be2 Nf6 8. O-O
Nd5 9. Bg3 Bd6 10. Bxd6 Nxc3 11. bxc3 Qxd6 12. Rb1 Qc7 13. Qc2 Nd7 14. Qb2 Rb8
15. Qa3 a6 16. Nd2 c5 17. Qb2 Nb6 18. Bd1 cxd4 19. exd4 O-O 20. Bc2 Nd5 21.
Rfe1 Nf4 22. f3 Nd5 23. Ne4 Bc6 24. Nc5 Qa5 25. Rec1 b4 26. Be4 Rb6 27. Bxd5
exd5 28. cxb4 Qb5 29. a4 1-0

[Event "Championnat de France - Open C"]
[Site "PAU"]
[Date "2012.08.15"]
[Round "2.1"]
[White "Banana, Adnane"]
[Black "Brebant, Eric"]
[Result "0-1"]
[WhiteElo "1798"]
[BlackElo "1681"]
[PlyCount "114"]

1. e4 c5 2. Nf3 e6 3. d4 cxd4 4. Nxd4 a6 5. c4 Qc7 6. Nc3 Nc6 7. Be3 Nf6 8. Be2
Bb4 9. Qc2 O-O 10. O-O b6 11. f3 Bb7 12. a3 Be7 13. Rfd1 Rad8 14. Rac1 Bd6 15.
g3 Bxg3 16. hxg3 Qxg3+ 17. Kf1 Nh5 18. Bf2 Qh3+ 19. Ke1 Ng3 20. Kd2 Qh6+ 21.
Be3 Nxd4 22. Bxh6 Nxc2 23. Rxc2 Nxe2 24. Bxg7 Kxg7 25. Kxe2 Kf6 26. Rd6 Bc6 27.
Rcd2 Rg8 28. Nd5+ Bxd5 29. cxd5 Ke5 30. Rxb6 Rg2+ 31. Ke3 Rxd2 32. Kxd2 h5 33.
Ke3 h4 34. f4+ Kf6 35. Rb3 Rg8 36. Kf2 Rg4 37. Rf3 exd5 38. exd5 Kf5 39. Ke3
Rg3 40. Rxg3 hxg3 41. Kf3 g2 42. Kxg2 Kxf4 43. d6 Ke5 44. Kf3 Kxd6 45. Ke4 Kc5
46. b3 d5+ 47. Kd3 f5 48. Ke3 f4+ 49. Kd2 f3 50. Ke3 f2 51. Kxf2 Kd4 52. b4 Kc3
53. Ke2 d4 54. Kd1 Kb3 55. Kd2 Kxa3 56. b5 axb5 57. Kc1 b4 0-1

[Event "Championnat de France - Open C"]
[Site "PAU"]
[Date "2012.08.15"]
[Round "2.2"]
[White "Attard, Leopold"]
[Black "Le Bail, Stephane"]
[Result "1/2-1/2"]
[WhiteElo "1685"]
[BlackElo "1785"]
[PlyCount "112"]

1. Nf3 d5 2. d4 Nc6 3. c4 e6 4. g3 Nf6 5. Bg2 Be7 6. O-O O-O 7. b3 Ne4 8. Nfd2
Nxd2 9. Nxd2 dxc4 10. Bxc6 bxc6 11. Nxc4 Bf6 12. Bb2 Qd5 13. Ne3 Qh5 14. Nc2
Ba6 15. Re1 Rfd8 16. e3 Qh3 17. Qf3 Rab8 18. Qg2 Qf5 19. e4 Qb5 20. Rad1 c5 21.
Qf3 c4 22. Re3 c5 23. e5 Bg5 24. Rc3 cxd4 25. Nxd4 Rxd4 26. Rxd4 cxb3 27. Rdd3
bxa2 28. Rb3 Qe8 29. Rxb8 Qxb8 30. Ra3 h6 31. Qb3 Qxb3 32. Rxb3 Bc4 33. Ra3 a6
34. Ra4 Bb5 35. Rxa2 Bd8 36. Bc3 g5 37. Ba5 Be7 38. Rc2 Kg7 39. Rc8 g4 40. Bd8
Bxd8 41. Rxd8 h5 42. Rc8 f6 43. Rc5 f5 44. Rc7+ Kg6 45. Re7 Bc4 46. f4 gxf3 47.
Kf2 Bd5 48. Ra7 Kg5 49. Rxa6 h4 50. Ra5 hxg3+ 51. hxg3 Be4 52. Ra6 Bd5 53. Ra5
Be4 54. Ra6 Bd5 55. Ra5 Be4 56. Ra6 Bd5 1/2-1/2

[Event "Championnat de France - Open C"]
[Site "PAU"]
[Date "2012.08.15"]
[Round "2.3"]
[White "Dautheville, Simon"]
[Black "Billiar-Bourgy, Vincent"]
[Result "0-1"]
[WhiteElo "1782"]
[BlackElo "1680"]
[PlyCount "110"]

1. d4 Nf6 2. c4 g6 3. Nc3 Bg7 4. e4 d6 5. Nf3 O-O 6. Be2 e5 7. O-O Nc6 8. d5
Ne7 9. Ne1 Nd7 10. Nd3 f5 11. f3 f4 12. Bd2 Nf6 13. Rc1 a6 14. b4 g5 15. c5 h5
16. cxd6 cxd6 17. Nf2 Rf7 18. a4 b6 19. Nb1 Bf8 20. Na3 Bd7 21. Nc4 Nc8 22. g4
Rh7 23. h3 Ra7 24. Kg2 Qe8 25. a5 b5 26. Nb2 Ne7 27. Nfd3 Ng6 28. Qb3 Nh4+ 29.
Kf2 Qg6 30. Ke1 hxg4 31. hxg4 Nxe4 32. fxe4 Qxe4 33. Nf2 Qd4 34. Rg1 e4 35.
Nbd1 e3 36. Nxe3 Re7 37. Qd3 Qxd3 38. Nxd3 fxe3 39. Bc3 Rc7 40. Bf6 Rxc1+ 41.
Nxc1 Re8 42. Bxg5 Ng6 43. Rg3 Re5 44. Bxe3 Rxd5 45. Bf3 Re5 46. Kf2 Re8 47. Nd3
Bg7 48. Bd5+ Be6 49. Bb7 Bc4 50. Bd2 Bd4+ 51. Kf1 d5 52. Bc6 Re4 53. Bg5 Ne5
54. Kg2 Nxd3 55. Rxd3 Re2+ 0-1

[Event "Championnat de France - Open C"]
[Site "PAU"]
[Date "2012.08.15"]
[Round "2.4"]
[White "Quelennec, Amelie"]
[Black "Casier, Fabrice"]
[Result "1/2-1/2"]
[WhiteElo "1681"]
[BlackElo "1780"]
[PlyCount "52"]

1. b3 Nf6 2. Bb2 e6 3. f4 d5 4. e3 Be7 5. Nf3 O-O 6. Ne5 c5 7. Be2 Nc6 8. Nxc6
bxc6 9. O-O Qb6 10. c4 Rd8 11. Qc2 d4 12. e4 Qc7 13. e5 Ne8 14. Qe4 g6 15. d3
f5 16. Qf3 a5 17. a4 Rb8 18. Nd2 Ng7 19. h3 Kf7 20. g3 Bd7 21. Kh2 Rh8 22. Qg2
Qd8 23. Bf3 Qc7 24. Be2 Qd8 25. Bf3 Qc7 26. Be2 Qd8 1/2-1/2

[Event "Championnat de France - Open C"]
[Site "PAU"]
[Date "2012.08.15"]
[Round "2.5"]
[White "Tardi, Oscar"]
[Black "Bertrand, Alexandre"]
[Result "1/2-1/2"]
[WhiteElo "1780"]
[BlackElo "1671"]
[PlyCount "88"]

1. e4 e5 2. Nf3 Nc6 3. d4 exd4 4. Nxd4 d5 5. Bb5 dxe4 6. O-O Bd7 7. Nxc6 Bxc6
8. Bxc6+ bxc6 9. Nc3 Qxd1 10. Rxd1 Nf6 11. Bg5 Be7 12. Re1 O-O-O 13. Nxe4 Rhe8
14. Nxf6 Bxf6 15. Bxf6 gxf6 16. Kf1 Re6 17. Rad1 Rxd1 18. Rxd1 Rd6 19. Ke2 Rxd1
20. Kxd1 Kd7 21. Kd2 Kd6 22. Kd3 Kd5 23. c4+ Ke5 24. b4 c5 25. a3 cxb4 26. axb4
c6 27. Ke3 f5 28. f4+ Kd6 29. h3 h5 30. h4 f6 31. Kd3 Kc7 32. Kc3 Kb6 33. Kb3
a5 34. Ka4 axb4 35. Kxb4 c5+ 36. Ka4 Ka6 37. Kb3 Ka5 38. Ka3 Kb6 39. Ka4 Ka6
40. Kb3 Ka5 41. Ka3 Kb6 42. Ka4 Ka6 43. Kb3 Ka5 44. Ka3 Kb6 1/2-1/2

[Event "Championnat de France - Open C"]
[Site "PAU"]
[Date "2012.08.15"]
[Round "2.6"]
[White "Figier, Anthony"]
[Black "Imbert, Gerard"]
[Result "0-1"]
[WhiteElo "1779"]
[BlackElo "1666"]
[PlyCount "71"]

1. d4 Nf6 2. c4 e6 3. Nc3 d5 4. cxd5 exd5 5. Bg5 Be7 6. e3 c6 7. Bd3 Nbd7 8.
Nge2 h6 9. Bh4 Nh5 10. Bxe7 Qxe7 11. O-O O-O 12. Qc2 Nhf6 13. Ng3 Nb6 14. Rae1
Be6 15. f3 Qd7 16. Rd1 Nc4 17. Bxc4 dxc4 18. e4 Qc7 19. e5 Nd5 20. Nxd5 Bxd5
21. Ne4 Bxe4 22. Qxe4 Rad8 23. f4 Rd5 24. f5 f6 25. e6 Re8 26. Rd2 Qa5 27. Rfd1
Rxf5 28. e7 Qd5 29. Qe3 Qd7 30. Re1 Rd5 31. Kh1 c5 32. Rde2 cxd4 33. Qf3 d3 34.
Rd2 Rc5 35. Qe3 Rd5 36. Qg3 0-1

[Event "Championnat de France - Open C"]
[Site "PAU"]
[Date "2012.08.15"]
[Round "2.7"]
[White "Luis, Henri"]
[Black "Citterio, Jean-Claude"]
[Result "1-0"]
[WhiteElo "1680"]
[BlackElo "1770"]
[PlyCount "78"]

1. b4 d5 2. Bb2 Qd6 3. a3 e5 4. e3 Be6 5. Nf3 Nd7 6. Be2 Ngf6 7. d3 c6 8. Nbd2
Be7 9. Rc1 O-O 10. O-O a5 11. c4 axb4 12. cxd5 Nxd5 13. Ne4 Qc7 14. axb4 Bxb4
15. d4 f6 16. dxe5 Nxe5 17. Nxe5 fxe5 18. Ng5 Qe7 19. Nxe6 Qxe6 20. Bc4 e4 21.
Qd4 Qe7 22. Bxd5+ cxd5 23. Qxd5+ Kh8 24. Rc4 Rfe8 25. Bxg7+ Qxg7 26. Rxb4 Re7
27. Rfb1 Rd7 28. Qxe4 Rad8 29. g3 Re7 30. Qh4 Rdd7 31. Qf4 Rf7 32. Qb8+ Rf8 33.
Qa7 Qf6 34. Rf4 Qg7 35. Rxf8+ Qxf8 36. Rxb7 Rxb7 37. Qxb7 Qd8 38. h4 h5 39. Qf7
Qd5 1-0

[Event "Championnat de France - Open C"]
[Site "PAU"]
[Date "2012.08.15"]
[Round "2.8"]
[White "Aubert, Laurane"]
[Black "Wardenski, Eric"]
[Result "1-0"]
[WhiteElo "1669"]
[BlackElo "1769"]
[PlyCount "83"]

1. e4 g6 2. d4 Bg7 3. Nf3 d6 4. Nc3 a6 5. Be3 Nf6 6. h3 b5 7. Bd3 Bb7 8. a3 O-O
9. O-O Nbd7 10. Qd2 Re8 11. Bh6 Bh8 12. Rfe1 c5 13. d5 Rc8 14. Bg5 Qc7 15. Bf1
Rb8 16. Bf4 Rec8 17. e5 Nh5 18. exd6 exd6 19. Bh2 Nhf6 20. Bxb5 axb5 21. Nxb5
Qb6 22. Nxd6 Bxd5 23. Nxc8 Rxc8 24. Ne5 Nxe5 25. Bxe5 Qc6 26. f3 h5 27. Rad1
Be6 28. Qf4 Nd5 29. Qd2 f6 30. Bg3 Bf7 31. Qd3 Qb6 32. b3 c4+ 33. Qd4 cxb3 34.
Qxb6 Nxb6 35. cxb3 Bxb3 36. Rb1 Rc3 37. Re8+ Kf7 38. Rxh8 Nc4 39. Rb8 Nd2 40.
Re1 Nxf3+ 41. gxf3 Rxf3 42. Rb7+ 1-0

[Event "Championnat de France - Open C"]
[Site "PAU"]
[Date "2012.08.15"]
[Round "2.9"]
[White "Wolfangel, Claude"]
[Black "Lebret, Loriane"]
[Result "0-1"]
[WhiteElo "1751"]
[BlackElo "1664"]
[PlyCount "60"]

1. c4 c5 2. Nc3 b6 3. Nf3 Bb7 4. g3 Nf6 5. Bg2 g6 6. O-O Bg7 7. e3 e6 8. d4
cxd4 9. exd4 O-O 10. d5 Qc7 11. d6 Qxc4 12. Ne5 Qc8 13. Be3 Bxg2 14. Kxg2 Nc6
15. Nd3 Ne8 16. Nf4 Qb8 17. Nb5 Bxb2 18. Nh3 Bxa1 19. Qxa1 Nxd6 20. Nxd6 Qxd6
21. Bh6 Qe5 22. Qd1 Rfd8 23. Kg1 d5 24. Bf4 Qf5 25. Ng5 f6 26. Nf3 e5 27. Bc1
d4 28. Nh4 Qe6 29. Qc2 d3 30. Qd2 Ne7 0-1

[Event "Championnat de France - Open C"]
[Site "PAU"]
[Date "2012.08.15"]
[Round "2.10"]
[White "Sarzynski, Thuan"]
[Black "Bignonneau, Pascal"]
[Result "1-0"]
[WhiteElo "1663"]
[BlackElo "1749"]
[PlyCount "120"]

1. d4 Nf6 2. Nf3 g6 3. Bf4 d6 4. Nc3 Bg7 5. e4 Nbd7 6. Be2 O-O 7. h4 c5 8. e5
dxe5 9. Nxe5 cxd4 10. Qxd4 Nh5 11. Bxh5 Nxe5 12. Bxe5 Qxd4 13. Bxd4 Bxd4 14.
Bf3 Bf5 15. Nd5 Kg7 16. c3 Bc5 17. b4 Bd6 18. g4 Bd3 19. O-O-O Bc4 20. Kb2 Rac8
21. Ne3 b6 22. h5 Bf4 23. Rd7 Bxe3 24. fxe3 a5 25. hxg6 fxg6 26. Bb7 Rf2+ 27.
Kc1 Re8 28. a4 axb4 29. cxb4 Ra2 30. Bc6 Bb3 31. Rd2 Ra1+ 32. Kb2 Rxh1 33. Kxb3
Rb1+ 34. Ka2 Rc8 35. Kxb1 Rxc6 36. Kb2 Kf6 37. Rd5 Re6 38. Rb5 h5 39. gxh5 g5
40. Kc2 Rd6 41. h6 Kf7 42. h7 Rh6 43. Rxg5 Rxh7 44. Rf5+ Ke8 45. Kd3 Kd7 46.
Kd4 Rh1 47. a5 Rb1 48. Kc4 Rc1+ 49. Kb5 bxa5 50. Kxa5 Ra1+ 51. Kb6 Kd6 52. Ra5
Re1 53. Ra3 e5 54. Rb3 Ra1 55. Kb7 e4 56. b5 Kc5 57. b6 Rh1 58. Ka7 Ra1+ 59.
Kb8 Ra6 60. b7 Rb6 1-0

[Event "Championnat de France - Open C"]
[Site "PAU"]
[Date "2012.08.16"]
[Round "3.1"]
[White "Lefevre, Michel"]
[Black "Rioland, Paul"]
[Result "0-1"]
[WhiteElo "1695"]
[BlackElo "1749"]
[PlyCount "98"]

1. e4 c5 2. Bc4 e6 3. Nc3 a6 4. a4 Nc6 5. Nf3 Nf6 6. d4 cxd4 7. Nxd4 Qc7 8. Bg5
Nxe4 9. Nxe4 Qe5 10. Be3 Qxe4 11. O-O Be7 12. Bd3 Qd5 13. c3 O-O 14. Qc2 h6 15.
Be4 Qh5 16. Bf3 Qh4 17. g3 Qf6 18. Nxc6 dxc6 19. Bg2 e5 20. b4 Bf5 21. Qb3 Be6
22. Qc2 Bc4 23. Rfd1 Rfd8 24. Bb6 Rxd1+ 25. Rxd1 Qe6 26. a5 e4 27. Qd2 Bd5 28.
Qd4 Bf6 29. Qe3 Re8 30. Re1 Bg5 31. Qd4 f5 32. f4 Bf6 33. Qe3 Re7 34. Bf1 Rd7
35. Rd1 Bb3 36. Rxd7 Qxd7 37. Kf2 Qd1 38. Bd4 Be7 39. Qe2 Qa1 40. Qd2 Kf7 41.
c4 Bxb4 42. Qxb4 Qxd4+ 43. Kg2 Bd1 44. Qxb7+ Kg6 45. Qxc6+ Kh7 46. Qd5 Bf3+ 47.
Kh3 Bg4+ 48. Kg2 Qb2+ 49. Kg1 e3 0-1

[Event "Championnat de France - Open C"]
[Site "PAU"]
[Date "2012.08.16"]
[Round "3.2"]
[White "Zic, Daniel"]
[Black "Lescop, Etienne"]
[Result "0-1"]
[WhiteElo "1745"]
[BlackElo "1693"]
[PlyCount "112"]

1. d4 Nf6 2. Nf3 g6 3. Bf4 Bg7 4. e3 d6 5. h3 Nc6 6. Be2 O-O 7. O-O Nd7 8. Bh2
e5 9. c4 f5 10. Nc3 e4 11. Nd2 Bh6 12. Nb3 a5 13. Na4 Qf6 14. Rc1 g5 15. Qc2
Re8 16. Nd2 b6 17. Nc3 Na7 18. Nd5 Qd8 19. Qb3 c6 20. Nc3 Nf6 21. c5+ Be6 22.
Qxb6 dxc5 23. Qxd8 Rexd8 24. Be5 Bg7 25. Nc4 Nd7 26. Bxg7 Bxc4 27. Bxc4+ Kxg7
28. Be6 cxd4 29. exd4 Kf6 30. Bb3 Nb6 31. Rfd1 Rd6 32. Na4 Nxa4 33. Bxa4 Rad8
34. Rc4 Nb5 35. Bxb5 cxb5 36. Rc7 Rxd4 37. Rxd4 Rxd4 38. Rxh7 Rd1+ 39. Kh2 Rd2
40. Ra7 a4 41. b3 Rxa2 42. bxa4 bxa4 43. Kg3 Ra3+ 44. Kh2 f4 45. Ra5 Ra2 46.
Kg1 e3 47. fxe3 fxe3 48. Kf1 a3 49. g3 Rf2+ 50. Kg1 a2 51. h4 gxh4 52. gxh4 Rb2
53. Ra6+ Kf5 54. Ra5+ Kg4 55. Ra4+ Kh5 56. Ra5+ Kxh4 0-1

[Event "Championnat de France - Open C"]
[Site "PAU"]
[Date "2012.08.16"]
[Round "3.3"]
[White "Laigneau, Arthur"]
[Black "Berger, Pascal"]
[Result "1-0"]
[WhiteElo "1737"]
[BlackElo "1687"]
[PlyCount "99"]

1. e4 c6 2. d4 d5 3. e5 Bf5 4. Nf3 e6 5. Be2 c5 6. c3 Nc6 7. Be3 cxd4 8. Nxd4
Bg6 9. Bb5 Nge7 10. Qa4 Qc7 11. Nd2 a6 12. f4 Rc8 13. Be2 Nf5 14. Nxf5 Bxf5 15.
O-O Be7 16. h3 O-O 17. Rf3 Rfd8 18. g4 Bg6 19. f5 exf5 20. gxf5 Bh5 21. Rf2
Bxe2 22. Rxe2 Qxe5 23. Qg4 Qf6 24. Nf3 Qd6 25. h4 Bf6 26. h5 Ne5 27. Nxe5 Bxe5
28. Rg2 d4 29. Rd1 Bf6 30. cxd4 Rc4 31. b3 Rc3 32. Bf2 Rc2 33. Qe4 Rxa2 34.
Qxb7 Ra5 35. h6 Rxf5 36. hxg7 Rg5 37. Rxg5 Bxg5 38. Ra1 Kxg7 39. Rxa6 Qf4 40.
Qg2 Qc1+ 41. Kh2 h6 42. d5 Qd1 43. Ra5 Qxb3 44. Bd4+ f6 45. Ra7+ Kh8 46. Qe4
Bf4+ 47. Qxf4 Qb8 48. Bxf6+ Kg8 49. Rg7+ Kf8 50. Be5+ 1-0

[Event "Championnat de France - Open C"]
[Site "PAU"]
[Date "2012.08.16"]
[Round "3.4"]
[White "Dietrich, Thomas"]
[Black "Brebant, Eric"]
[Result "1/2-1/2"]
[WhiteElo "1729"]
[BlackElo "1681"]
[PlyCount "55"]

1. d3 c5 2. e4 Nc6 3. g3 e5 4. Bg2 Nf6 5. f4 Qc7 6. Nf3 exf4 7. Bxf4 Bd6 8.
Bxd6 Qxd6 9. O-O O-O 10. Na3 a6 11. Nc4 Qc7 12. e5 Ne8 13. a4 d5 14. exd6 Nxd6
15. Nce5 Nxe5 16. Nxe5 Nf5 17. Re1 Re8 18. Qe2 Bd7 19. d4 Nxd4 20. Qh5 g6 21.
Qg5 Nxc2 22. Rad1 Nxe1 23. Nxd7 Kg7 24. Qf6+ Kh6 25. Qh4+ Kg7 26. Qf6+ Kh6 27.
Qh4+ Kg7 28. Qf6+ 1/2-1/2

[Event "Championnat de France - Open C"]
[Site "PAU"]
[Date "2012.08.16"]
[Round "3.5"]
[White "Demellier, Antonin"]
[Black "Luis, Henri"]
[Result "1/2-1/2"]
[WhiteElo "1727"]
[BlackElo "1680"]
[PlyCount "106"]

1. e4 c5 2. Nf3 Nc6 3. Bb5 e6 4. O-O Nf6 5. Re1 Nd4 6. Nxd4 cxd4 7. e5 Nd5 8.
b3 a6 9. Bf1 Bc5 10. Qg4 O-O 11. Bb2 f5 12. exf6 Qxf6 13. Qg3 b5 14. d3 Bb7 15.
Nd2 Nc3 16. f3 Qf4 17. Qxf4 Rxf4 18. Kh1 Raf8 19. Bxc3 dxc3 20. Ne4 Bd4 21. a4
b4 22. a5 Rh4 23. Ra4 Bxe4 24. dxe4 Bc5 25. Bxa6 d5 26. exd5 exd5 27. Bd3 Bd6
28. h3 Bg3 29. Re6 Kf7 30. Re2 Bb8 31. a6 Ba7 32. Ra5 Rd8 33. Rb5 Rd7 34. Bf5
Rc7 35. Be6+ Kf6 36. Bxd5 Rd4 37. Re6+ Kf5 38. Bc4+ Kf4 39. Bd3 Rxd3 40. Rxb4+
Kf5 41. Ree4 Rd1+ 42. Kh2 Rd2 43. Rf4+ Ke5 44. Rfc4 Rxc4 45. Rxc4 Rxc2 46. Rc7
Bb8 47. Rc8 Bd6 48. a7 Kd4+ 49. Kg1 Bg3 50. Rd8+ Kc5 51. Rc8+ Kd6 52. Rd8+ Ke6
53. Re8+ Kf7 1/2-1/2

[Event "Championnat de France - Open C"]
[Site "PAU"]
[Date "2012.08.16"]
[Round "3.6"]
[White "Boursier, Marianne"]
[Black "Aubert, Laurane"]
[Result "1-0"]
[WhiteElo "1724"]
[BlackElo "1669"]
[PlyCount "141"]

1. e4 c5 2. Nf3 g6 3. g3 Bg7 4. Bg2 Nc6 5. O-O Nf6 6. d3 O-O 7. Re1 d6 8. Nbd2
Rb8 9. Rb1 b5 10. b3 b4 11. Bb2 Qa5 12. Nc4 Qa6 13. a4 bxa3 14. Nxa3 Nb4 15.
Nc4 Qb5 16. e5 dxe5 17. Nfxe5 Bb7 18. Nf3 Nfd5 19. Bxg7 Kxg7 20. Qd2 Rfe8 21.
Ne3 Nxe3 22. Rxe3 Kg8 23. Rbe1 Qd7 24. Re5 Qd6 25. Qc3 Rbc8 26. Ra1 a6 27. Rae1
Nd5 28. Qd2 Nf6 29. Qe2 Rc7 30. Nd2 Bxg2 31. Kxg2 Kg7 32. Nc4 Qc6+ 33. Kg1 Qd7
34. Ra1 Qc6 35. Ra5 Nd5 36. Qe4 Rd7 37. Ne3 Qb6 38. Qa4 Red8 39. Rxa6 Qc7 40.
Qa1 Kg8 41. Nxd5 Rxd5 42. Rxd5 Rxd5 43. Ra8+ Rd8 44. Rxd8+ Qxd8 45. Qe5 Qd6 46.
Qxd6 exd6 47. Kf1 Kg7 48. c3 Kf6 49. b4 cxb4 50. cxb4 Ke5 51. Ke2 Kd5 52. Kd2
Kc6 53. Kc3 Kb5 54. d4 d5 55. f4 Ka4 56. g4 f6 57. g5 f5 58. h4 Kb5 59. Kb3 Kb6
60. Ka4 Ka6 61. b5+ Kb6 62. Kb4 Kb7 63. Ka5 Ka7 64. b6+ Kb7 65. Kb5 Kb8 66. Ka6
Ka8 67. b7+ Kb8 68. Kb6 h5 69. Kc6 Ka7 70. Kc7 Ka6 71. b8=Q 1-0